[Event "Tetraktys Concept Mgmt"]
[Site "Europe Echecs INT"]
[Date "2021.06.06"]
[Round "1"]
[White "Sicard, Jerome"]
[Black "Korchmar, Vasiliy"]
[Result "0-1"]
[WhiteElo "1670"]
[BlackElo "2450"]
[PlyCount "46"]
[EventDate "2021.06.06"]
[EventType "swiss (blitz)"]
[EventRounds "11"]
[EventCountry "FRA"]
[SourceTitle "CBM 202 Extra"]
[Source "ChessBase"]
[SourceDate "2021.07.31"]
[SourceVersion "1"]
[SourceVersionDate "2021.07.31"]
[SourceQuality "1"]

1. d4 Nf6 2. c4 e6 3. Nf3 d5 4. Nc3 Bb4 5. Qa4+ Nc6 6. e3 0-0 7. Qc2 Re8 8. Bd2 b6 9. cxd5 exd5 10. Be2 Bb7 11. 0-0 a6 12. a3 Bd6 13. Bd3 Ne7 14. Rac1 Ng6 15. Rfe1 c5 16. Ne2 Rc8 17. Bxg6 hxg6 18. Qb1 Ne4 19. Bc3 c4 20. Ng3 f6 21. Nxe4 dxe4 22. Nd2 Bd5 23. b3 Bxa3 0-1